Geography Quiz

Random Geography or World Quiz

2 Colour World Flags Quiz Stats

 Plays Quiz not verified by Sporcle

Challenge
Share
Tweet
Embed
Score 0/43 Timer 10:00
0 Plays Today
Colours Country % Correct
White and RedJapan
86.8%
Red and YellowChina
86.1%
Red and WhiteCanada
85.5%
White and RedPoland
84.8%
Blue and YellowSweden
82.9%
White and BlueFinland
82.4%
Red and WhiteDenmark
80.9%
Red and WhiteAustria
79.4%
White and BlueGreece
76.5%
Red and WhiteIndonesia
74.9%
Black and RedAlbania
74.1%
Red and WhiteMonaco
73.9%
Blue and YellowUkraine
73.8%
Maroon and WhiteLatvia
73.4%
Green and RedBangladesh
73%
Red and WhiteSwitzerland
73%
Red and WhiteTurkey
72.5%
Green and WhiteNigeria
71.4%
Red and WhitePeru
71%
Red and YellowVietnam
70.3%
White and GreenPakistan
68.4%
White and MaroonQatar
67.2%
Colours Country % Correct
Red and GreenMorocco
65%
Blue and YellowPalau
64.2%
Blue and YellowKazakhstan
63.1%
Red and WhiteTunisia
63.1%
Red and WhiteBahrain
62.6%
White and BlueIsrael
62.6%
Red and YellowSpain
61.8%
Green and WhiteSaudi Arabia
61.5%
Red and YellowMacedonia
61.3%
Red and WhiteTonga
59.6%
Blue and WhiteSomalia
58.9%
White and RedSingapore
58.3%
Blue and WhiteHonduras
57.6%
Blue and WhiteFederated States of Micronesia
56.5%
White and MaroonGeorgia
56%
Red and YellowKyrgyzstan
50.5%
Green and YellowMauritania
49.2%
Blue and RedHaiti
46.4%
White and BlueSan Marino
46.4%
Blue and YellowDemocratic Republic of Congo
30.3%
Green and WhiteComoros
29%

You're not logged in!

Compare scores with friends on all Sporcle quizzes.
OR
Log In

You Might Also Like...

Show Comments

Extras

Top Quizzes Today


Score Distribution

Your Account Isn't Verified!

In order to create a playlist on Sporcle, you need to verify the email address you used during registration. Go to your Sporcle Settings to finish the process.

Report this User

Report this user for behavior that violates our Community Guidelines.

Details: